000 01217nam a2200277 i 4500
001 189233
003 ES-MaACL
005 20240415105056.0
008 190429s2017 sp ach |||| |dspa d
020 _a978-84-947922-0-5
245 0 3 _aLa tradición trascendida
_b: "Cántico" y su época /
_cedición de Balbina Prior.
260 _a[Madrid] :
_bEdiciones de la Revista Áurea,
_c[2017]
300 _a307 p. :
_bil. col., retr. ;
_c21 cm.
490 1 _aEdiciones de la Revista Áurea ;
_v4
500 _aÍndices.
505 8 _aContiene: ;
_tCántico ;
_tRicardo Molina ;
_tJuan Bernier ;
_tPablo García Baena ;
_tMario López ;
_tVicente Núñez ;
_tJulio Aumente ;
_tJosé de Miguel ;
_tGinés Liébana ;
_tMiguel del Moral ;
_tRocío Moragas ;
_tPoemas para Cántico
599 _aCon facsímiles de las cub. de Cántico.
630 0 4 _aCántico (Córdoba)
_9166920
650 0 4 _aPoesía-
_yS.XX
_916200
700 1 _aPrior, Balbina.
_9141787
830 0 _aEdiciones de la Revista Áurea ;
_v4
_9193269
852 _aES-MaACL
_jA-14522
_9196371
_bR.152021
_cDEPO1
_dOlim: N-7522
_hDonación: Miguel Losada
903 _974261
_aLosada, Miguel
_ednr
942 _2udc
_cMONOGRAFIA
999 _c189233
_d189233